000 00322nam a22001457a 4500
008 221110b ||||| |||| 00| 0 eng d
020 _a2900133999395
041 _aeng
080 _2EIGHTH EDITION
_a61
082 _a61 BEC
100 _a6
101 _aMJK
245 _aWORLD OF THE CELL
_cBECKER'S
942 _2udc
_cBK
999 _c58851
_d58851